Verses önarcképek és reflexiók hetvenéves irodalmi munkásság áll Csontos Vilmos mögött - első költeménye 1929-ben jelent meg

Bibliographic Details
Main Authors: Lakatos, Krisztina (ain), Csontos, Viliam, 1908-2000 (Author, uin)
Format: Article
Language:Hungarian
Slovak
PhysicalDescription:Fotogr.
Subjects:

MARC

LEADER 00000nab a2200000 a 4500
001 vtls000707885
003 SK-MaSNL
005 20260318114620.0
008 160314c1999 xo 0 hun
015 |a SNBRB1999/10-13491 
035 |a CLN000060052 
040 |a SNKBUCL  |b slo  |c SNKBUCL  |e AACR2 
041 0 |a slo 
044 |a xo  |c SK 
080 |a 82:929:894.511 (437.6)  |2 UDC-MRF-SK2 
080 |a 894.511 (437.6):929  |2 UDC-MRF-SK2 
080 |a 929 Csontos, Vilmos  |2 UDC-MRF-SK2 
080 |a 06.068(439)  |2 UDC-MRF-SK2 
100 1 |a Lakatos, Krisztina  |4 ain  |9 352243 
245 1 0 |a Verses önarcképek és reflexiók  |b hetvenéves irodalmi munkásság áll Csontos Vilmos mögött - első költeménye 1929-ben jelent meg  |c Lakatos Krisztina 
300 |b Fotogr. 
600 1 7 |a Csontos, Viliam,  |d 1908-2000  |2 snkbucl  |9 263463 
648 7 |a 1999  |2 SNK  |9 266597 
650 0 7 |a Magyar Köztársaság rdemrend Kiskeresztje (cena)  |2 snkbucl  |9 1614389 
651 7 |a Levice (Slovensko : okres)  |2 snkbucl  |9 15245 
700 1 |a Csontos, Viliam,  |d 1908-2000  |4 aut  |4 uin  |9 263463 
773 0 |t Új szó  |g Roč. 52, č. 252 (2.11.1999), s. 8 
850 |a Slovenská národná knižnica v Martine 
852 |a SNK  |b KIS3GCP 
958 |a HU 
958 |a SK 
958 |a LX 
958 |a BX 
958 |a RBX 
999 |c 3325093  |d 3327023